Trouve tout les jeux vidéo qui existe ! Mort subite/Sudden Death - Statistiques

Statistiques générales
  • Ce quiz a été pris 489 fois
  • Le résultat moyen est 6 sur 16
Answers on the Grid
Answers color-coded by a green-red scale on the quiz's grid according to % correct below.
Rocket League
Minekraft
Call of duty
The Last Of Pus
Hollow Knight
Leage of Legends
Battlefield
Fornique
Grand Theft Audo V
Elden Ring
EA Sports FiFa 25
Apex Legends
The Legend of Zelda
New Super Mario Bros
Rachel & Clank
Dragon Quest Monsters : Le Prince des ombres
Valorant
PUB Mobile
The Unicorn Princess
Mortel combat
Just Dance
Dragon Ball FighterX
Red Dead Redemption 0
Guitar Hero
Grand Theft Auto V
Grand Theft Auto Los Santos
Mario Kart 7
Roblox
Grand Theft Auto Paris
Call of duti
 
Statistiques - réponses
Réponse % Correct
Call of duty
53%
Rocket League
51%
Just Dance
50%
Elden Ring
48%
Battlefield
47%
The Legend of Zelda
46%
Valorant
45%
Grand Theft Auto V
43%
Apex Legends
42%
Roblox
42%
Guitar Hero
37%
Hollow Knight
36%
New Super Mario Bros
33%
Mario Kart 7
30%
Dragon Quest Monsters : Le Prince des ombres
15%
The Unicorn Princess
6%
Aucun quiz correspondant
Distribution des résultats
% des personnes avec chaque résultat
Percentile par nombre de réponses
Votre historique - résultats
Vous n’avez pas pris ce quiz